| 000 | 01099cam a2200325 i 4500 | ||
|---|---|---|---|
| 001 | 5996 | ||
| 003 | FISKH | ||
| 005 | 20250225094535.0 | ||
| 008 | 161013s2017 nyu d 000 1 eng | ||
| 010 | _a 2016032495 | ||
| 020 | _a9781524714680 (hc) | ||
| 020 |
_a9781524714758 _c$14.50 |
||
| 020 | _a9781524714697 (glb) | ||
| 040 |
_aDLC _beng _cDLC _erda _dDLC _dDLC |
||
| 050 | _aPZ7.M4637 | ||
| 082 | _a813.6 | ||
| 100 | 1 |
_aMcManus, Karen M., _eauthor. |
|
| 245 | 1 | 0 |
_aOne of us is lying / _cKaren M. McManus. |
| 260 |
_aNew York : _bDelacorte Press, _c2017. |
||
| 300 |
_a371 pages : _c21 cm |
||
| 500 | _aSequel: One of us is next. | ||
| 520 |
_a"When the creator of a high school gossip app mysteriously dies in front of four high-profile students, all four become suspects. It's up to them to solve the case"-- _cProvided by publisher. |
||
| 650 | 1 | _aMystery and detective stories. | |
| 650 | 1 |
_aMurder _vFiction. |
|
| 650 | 1 |
_aHigh schools _vFiction. |
|
| 650 | 1 |
_aSchools _vFiction. |
|
| 906 |
_a7 _bcbc _corignew _d1 _eecip _f20 _gy-gencatlg |
||
| 942 |
_2ddc _cBK _n0 |
||
| 999 |
_c5996 _d5996 |
||